[Event "CRO-chT2 West"]
[Site "Rijeka"]
[Date "2020.10.11"]
[Round "6.4"]
[White "Prpic, Milan"]
[Black "Mravic, Filip"]
[Result "1/2-1/2"]
[WhiteElo "1799"]
[BlackElo "1815"]
[PlyCount "150"]
[EventDate "2020.09.12"]
[EventType "team-tourn"]
[EventRounds "9"]
[EventCountry "CRO"]
[SourceTitle "EXT 2022"]
[Source "ChessBase"]
[SourceDate "2021.10.06"]
[SourceVersion "1"]
[SourceVersionDate "2021.10.06"]
[SourceQuality "1"]
[WhiteTeam "Senj Velebit"]
[BlackTeam "Rijeka II"]
[WhiteTeamCountry "CRO"]
[BlackTeamCountry "CRO"]

1. d4 d5 2. c4 Nf6 3. Nc3 c6 4. cxd5 cxd5 5. Bf4 e6 6. Nf3 Bd6 7. Bxd6 Qxd6 8. e3 0-0 9. Bd3 Nc6 10. a3 a6 11. 0-0 b5 12. Rc1 Bb7 13. Re1 Na5 14. Ne5 Nd7 15. f4 f5 16. Nf3 Rac8 17. Na2 Rxc1 18. Nxc1 Nc4 19. Qb3 Bc6 20. Qc2 Rc8 21. Ne5 Ndxe5 22. fxe5 Qe7 23. Nb3 Bb7 24. Nc5 Nxe5 25. Qe2 Rxc5 26. dxc5 Qxc5 27. Qc2 Qxc2 28. Bxc2 Nc4 29. a4 b4 30. b3 Nd6 31. Rc1 Kf7 32. Bd3 Ne8 33. Rc5 Ke7 34. Kf2 Kd6 35. Rc1 Nf6 36. h3 h5 37. Ke2 g5 38. a5 Nd7 39. g3 Nc5 40. Bc2 Bc6 41. Kd2 Bb5 42. g4 fxg4 43. hxg4 hxg4 44. Rg1 Nb7 45. Rxg4 Kc5 46. Rxg5 Nxa5 47. Kc1 Nc6 48. e4 e5 49. exd5 Kxd5 50. Bh7 a5 51. Kb2 a4 52. bxa4 Bxa4 53. Bg8+ Kd4 54. Rg4+ Kc5 55. Rg5 Bb5 56. Bf7 Bd3 57. Be8 Bc4 58. Bxc6 Kxc6 59. Rxe5 Bd5 60. Re8 Kc5 61. Rc8+ Kd4 62. Kc2 b3+ 63. Kb2 Kd3 64. Rc5 Kd4 65. Ra5 Be6 66. Ra4+ Kd3 67. Ra6 Bd5 68. Rd6 Kd4 69. Rd8 Kc5 70. Kc3 Be6 71. Ra8 Bd5 72. Ra5+ Kd6 73. Kd4 Bc6 74. Ra6 Kc7 75. Kc5 Be4 1/2-1/2

[Event "IBCA EU-chT blind 2nd"]
[Site "Calimanesti"]
[Date "2019.10.08"]
[Round "4.3"]
[White "Ivanov, Ljubomir"]
[Black "Prpic, Milan"]
[Result "1-0"]
[WhiteElo "1806"]
[BlackElo "1806"]
[PlyCount "33"]
[EventDate "2019.10.05"]
[EventType "team-swiss"]
[EventRounds "9"]
[EventCountry "ROU"]
[SourceTitle "CBM 192 Extra"]
[Source "Chessbase"]
[SourceDate "2019.11.06"]
[SourceVersion "1"]
[SourceVersionDate "2019.11.06"]
[SourceQuality "1"]
[WhiteTeam "Bulgaria"]
[BlackTeam "Croatia"]
[WhiteTeamCountry "BUL"]
[BlackTeamCountry "CRO"]

1. d4 d5 2. c4 c6 3. Nf3 Nf6 4. e3 Bg4 5. Nbd2 Ne4 6. cxd5 cxd5 7. h3 Bf5 8. Qb3 b6 9. Bb5+ Nd7 10. Qxd5 Nxd2 11. Ne5 e6 12. Bxd7+ Ke7 13. Nc6+ Kf6 14. Qe5+ Kg6 15. Nxd8 Rxd8 16. Bxd2 Rxd7 17. e4 1-0

[Event "IBCA Wch blind 14th"]
[Site "Cagliari"]
[Date "2019.04.10"]
[Round "5"]
[White "Prpic, Milan"]
[Black "Kaliner, Arik"]
[Result "1/2-1/2"]
[WhiteElo "1829"]
[BlackElo "1644"]
[PlyCount "127"]
[EventDate "2019.04.06"]
[EventType "swiss"]
[EventRounds "9"]
[EventCountry "ITA"]
[SourceTitle "CBM 189 Extra"]
[Source "ChessBase"]
[SourceDate "2019.06.03"]
[SourceVersion "1"]
[SourceVersionDate "2019.06.03"]
[SourceQuality "1"]

1. d4 Nf6 2. c4 e5 3. e3 exd4 4. exd4 Bb4+ 5. Bd2 Qe7+ 6. Qe2 0-0 7. Qxe7 Bxe7 8. Nc3 c6 9. h3 d5 10. cxd5 Nxd5 11. Nf3 Be6 12. Bd3 Na6 13. a3 Nac7 14. 0-0 Bf6 15. Rfe1 Rfe8 16. Re2 Rad8 17. Rae1 h6 18. Bb1 Nxc3 19. bxc3 Bc4 20. Rxe8+ Rxe8 21. Rxe8+ Nxe8 22. Ne5 Be6 23. f4 Nd6 24. g4 Nc4 25. Bc1 Nxe5 26. dxe5 Bd8 27. Be3 Be7 28. Bc1 Bc5+ 29. Kg2 Kf8 30. Kf3 Bd5+ 31. Be4 Ke7 32. f5 Kd7 33. h4 Bxe4+ 34. Kxe4 Bf2 35. Be3 Bxh4 36. Bxa7 Be7 37. a4 g6 38. Be3 g5 39. Bb6 f6 40. c4 Ke8 41. Bd4 fxe5 42. Bxe5 Kf7 43. Bc7 Bf6 44. Be5 Bd8 45. c5 Be7 46. Kd4 Bd8 47. Kc4 Be7 48. Bc7 Ke8 49. Kb4 Bf6 50. Ka5 Bd8 51. Kb6 h5 52. gxh5 Bxc7+ 53. Kxc7 g4 54. h6 Kf7 55. Kxb7 g3 56. a5 g2 57. a6 g1Q 58. a7 Qb1+ 59. Kc7 Qa2 60. Kb7 Qb3+ 61. Kxc6 Qa4+ 62. Kb7 Qb5+ 63. Kc7 Qa6 64. Kb8 1/2-1/2

[Event "IBCA-ol blind 15th"]
[Site "Ohrid"]
[Date "2017.06.27"]
[Round "8.3"]
[White "Patev, Petko"]
[Black "Prpic, Milan"]
[Result "1-0"]
[WhiteElo "1874"]
[BlackElo "1792"]
[PlyCount "47"]
[EventDate "2017.06.19"]
[EventType "team-swiss"]
[EventRounds "9"]
[EventCountry "MKD"]
[SourceTitle "CBM 179 Extra"]
[Source "ChessBase"]
[SourceDate "2017.08.23"]
[SourceVersion "1"]
[SourceVersionDate "2017.08.23"]
[SourceQuality "1"]
[WhiteTeam "Bulgaria"]
[BlackTeam "Croatia"]
[WhiteTeamCountry "BUL"]
[BlackTeamCountry "CRO"]

1. e4 e6 2. d4 d5 3. exd5 exd5 4. Nf3 Nf6 5. Bd3 Bd6 6. 0-0 0-0 7. h3 Ne4 8. c4 c6 9. Nc3 Nxc3 10. bxc3 Be6 11. Ng5 g6 12. Nxe6 fxe6 13. Qg4 Qf6 14. Bg5 Qf7 15. Rae1 Re8 16. cxd5 exd5 17. Re3 Qd7 18. Qe2 Rxe3 19. fxe3 Na6 20. e4 dxe4 21. Bc4+ Kg7 22. Bf6+ Kf8 23. Qxe4 Re8 24. Bh8+ 1-0

[Event "CRO-chT2 West"]
[Site "Croatia"]
[Date "2017.04.09"]
[Round "5.4"]
[White "Bonaca, Dario"]
[Black "Prpic, Milan"]
[Result "1-0"]
[WhiteElo "1905"]
[BlackElo "1776"]
[PlyCount "55"]
[EventDate "2017.03.25"]
[EventType "team-tourn"]
[EventRounds "9"]
[EventCountry "CRO"]
[SourceTitle "EXT 2020"]
[Source "ChessBase"]
[SourceDate "2019.10.17"]
[SourceVersion "1"]
[SourceVersionDate "2019.10.17"]
[SourceQuality "1"]

1. d4 e6 2. c4 d5 3. Nf3 Nf6 4. Bg5 Be7 5. Nc3 c6 6. e3 0-0 7. Qc2 Nbd7 8. Bd3 h6 9. h4 b6 10. Bxf6 Bxf6 11. e4 dxc4 12. Bxc4 e5 13. d5 Bb7 14. 0-0-0 c5 15. g4 a6 16. g5 hxg5 17. hxg5 Bxg5+ 18. Nxg5 Qxg5+ 19. f4 Qxf4+ 20. Kb1 g6 21. Rdf1 Qg3 22. Qd2 Nf6 23. Rxf6 Kg7 24. Rxb6 Rh8 25. Rxh8 Rxh8 26. Rxb7 Rh1+ 27. Kc2 Rh2 28. Be2 1-0

[Event "CRO-chT2 West"]
[Site "Croatia"]
[Date "2017.04.09"]
[Round "6.3"]
[White "Prpic, Milan"]
[Black "Matkun, Maksim"]
[Result "1-0"]
[WhiteElo "1776"]
[BlackElo "1948"]
[PlyCount "93"]
[EventDate "2017.03.25"]
[EventType "team-tourn"]
[EventRounds "9"]
[EventCountry "CRO"]
[SourceTitle "EXT 2020"]
[Source "ChessBase"]
[SourceDate "2019.10.17"]
[SourceVersion "1"]
[SourceVersionDate "2019.10.17"]
[SourceQuality "1"]

1. d4 Nf6 2. c4 c5 3. Nf3 g6 4. Bd2 Ne4 5. Nc3 Nxd2 6. Qxd2 Bg7 7. e3 0-0 8. g3 cxd4 9. Nxd4 Nc6 10. Bg2 Ne5 11. b3 d6 12. 0-0 Rb8 13. f4 Ng4 14. Rad1 Bd7 15. Rfe1 h5 16. h3 Nh6 17. Kh2 a6 18. Nd5 Kh7 19. e4 h4 20. g4 e6 21. Ne3 e5 22. fxe5 Bxe5+ 23. Kh1 Be6 24. Rf1 Qd7 25. Nf3 Bg3 26. g5 Ng8 27. Ng1 f6 28. Nd5 f5 29. Qd3 Rbe8 30. Qc2 fxe4 31. Bxe4 Bf5 32. Bxf5 Rxf5 33. Rxf5 Qxf5 34. Qxf5 gxf5 35. Rf1 Kg6 36. Nf3 Re2 37. Nxh4+ Kxg5 38. Nf3+ Kh6 39. Nd4 Rh2+ 40. Kg1 Rxh3 41. Kg2 Rh2+ 42. Kxg3 Rxa2 43. Nxf5+ Kg5 44. Nxd6 Rb2 45. Rf3 b5 46. c5 a5 47. Nxb5 1-0

[Event "CRO-chT2 West"]
[Site "Croatia"]
[Date "2017.03.26"]
[Round "2.1"]
[White "Prpic, Milan"]
[Black "Petrovic, Neven"]
[Result "0-1"]
[WhiteElo "1791"]
[BlackElo "1926"]
[PlyCount "92"]
[EventDate "2017.03.25"]
[EventType "team-tourn"]
[EventRounds "9"]
[EventCountry "CRO"]
[SourceTitle "EXT 2020"]
[Source "ChessBase"]
[SourceDate "2019.10.17"]
[SourceVersion "1"]
[SourceVersionDate "2019.10.17"]
[SourceQuality "1"]

1. d4 Nf6 2. c4 g6 3. Nc3 Bg7 4. Nf3 0-0 5. e3 d6 6. Be2 Nbd7 7. 0-0 e5 8. d5 a5 9. Qc2 Nc5 10. e4 Bg4 11. h3 Bxf3 12. Bxf3 Ne8 13. Be3 Rb8 14. Bxc5 dxc5 15. Qa4 b6 16. Nb5 Nd6 17. Na7 Qh4 18. Nc6 Rbe8 19. Rfe1 f5 20. Qc2 h5 21. Kh2 Qf4+ 22. Kg1 h4 23. Qc1 fxe4 24. Qxf4 Rxf4 25. Be2 Ref8 26. Rf1 Nf5 27. Bg4 Nd4 28. Rad1 Kh7 29. b3 Nc2 30. Rc1 Nb4 31. Nxb4 axb4 32. Rcd1 Bh6 33. d6 cxd6 34. Rxd6 e3 35. f3 Rd4 36. Rd5 Bf4 37. Re1 Rd2 38. Kf1 Ra8 39. Rxd2 exd2 40. Rd1 Rxa2 41. Bd7 Rb2 42. Ba4 Rc2 43. Ke2 Rc1 44. Bd7 Kg7 45. Bc6 Kf6 46. Rf1 Rxf1 0-1

[Event "IBCA EU-chT blind 01st"]
[Site "Warsaw"]
[Date "2016.07.28"]
[Round "5.2"]
[White "Armstrong, William G"]
[Black "Prpic, Milan"]
[Result "1/2-1/2"]
[WhiteElo "1839"]
[BlackElo "1834"]
[PlyCount "125"]
[EventDate "2016.07.24"]
[EventType "team-swiss"]
[EventRounds "9"]
[EventCountry "POL"]
[SourceTitle "CBM 173 Extra"]
[Source "ChessBase"]
[SourceDate "2016.08.29"]
[SourceVersion "1"]
[SourceVersionDate "2016.08.29"]
[SourceQuality "1"]
[WhiteTeam "Great Britain"]
[BlackTeam "Croatia"]
[WhiteTeamCountry "GBR"]
[BlackTeamCountry "CRO"]

1. d4 d5 2. Nf3 Nf6 3. c4 e6 4. g3 g6 5. Bg2 Bg7 6. 0-0 0-0 7. Nc3 c6 8. b3 Nbd7 9. Qd3 Re8 10. cxd5 exd5 11. Nd2 Nf8 12. Bb2 Bg4 13. f3 Be6 14. Rad1 Nh5 15. e4 Bh6 16. f4 dxe4 17. Ndxe4 Bg7 18. Bf3 Nf6 19. Nxf6+ Bxf6 20. Ne4 Bg7 21. Qd2 Bd5 22. Qg2 Nd7 23. Nd6 Bxf3 24. Rxf3 Re6 25. Nc4 Qe8 26. Ne5 Nb6 27. f5 gxf5 28. Rxf5 f6 29. Nc4 Nd5 30. Ba3 b5 31. Nd6 Qd7 32. Rxd5 cxd5 33. Qxd5 Rae8 34. Re1 Bf8 35. Rxe6 Rxe6 36. Qa8 Rxd6 37. Bxd6 Qxd6 38. Qxa7 b4 39. Kf2 Be7 40. Qa8+ Kg7 41. Qe4 Bd8 42. Qg4+ Kh8 43. Ke3 Bb6 44. Qc8+ Qd8 45. Qc4 Qe7+ 46. Kd3 Kg7 47. Qd5 Qc7 48. Qc4 Qd6 49. d5 Qe5 50. Qg4+ Kf7 51. Qd7+ Qe7 52. Qxe7+ Kxe7 53. Kc4 Bg1 54. g4 Bxh2 55. Kxb4 Kd6 56. Kc4 Bg1 57. a4 Be3 58. b4 f5 59. gxf5 h5 60. Kd3 Bg5 61. a5 Kxd5 62. a6 Kc6 63. b5+ 1/2-1/2

[Event "IBCA EU-chT blind 01st"]
[Site "Warsaw"]
[Date "2016.07.26"]
[Round "3.2"]
[White "Prpic, Milan"]
[Black "Harnandan, Sergio"]
[Result "0-1"]
[WhiteElo "1834"]
[BlackElo "1897"]
[PlyCount "42"]
[EventDate "2016.07.24"]
[EventType "team-swiss"]
[EventRounds "9"]
[EventCountry "POL"]
[SourceTitle "CBM 173 Extra"]
[Source "ChessBase"]
[SourceDate "2016.08.29"]
[SourceVersion "1"]
[SourceVersionDate "2016.08.29"]
[SourceQuality "1"]
[WhiteTeam "Croatia"]
[BlackTeam "Netherlands"]
[WhiteTeamCountry "CRO"]
[BlackTeamCountry "NED"]

1. c4 e5 2. Nc3 f5 3. e3 Nf6 4. d4 e4 5. Nge2 c6 6. Nf4 Bd6 7. Be2 0-0 8. 0-0 Bc7 9. b4 a6 10. Qb3 Kh8 11. Rd1 g5 12. Nh3 d5 13. Kh1 Qd6 14. g3 f4 15. Ng1 f3 16. Bf1 Ng4 17. Rd2 Qh6 18. h3 Nxe3 19. fxe3 f2 20. Bb2 Bxh3 21. cxd5 fxg1Q+ 0-1

[Event "IBCA EU-chT blind 01st"]
[Site "Warsaw"]
[Date "2016.07.25"]
[Round "2.2"]
[White "Donmez, Unal"]
[Black "Prpic, Milan"]
[Result "1-0"]
[WhiteElo "1827"]
[BlackElo "1834"]
[PlyCount "87"]
[EventDate "2016.07.24"]
[EventType "team-swiss"]
[EventRounds "9"]
[EventCountry "POL"]
[SourceTitle "CBM 173 Extra"]
[Source "ChessBase"]
[SourceDate "2016.08.29"]
[SourceVersion "1"]
[SourceVersionDate "2016.08.29"]
[SourceQuality "1"]
[WhiteTeam "Turkey"]
[BlackTeam "Croatia"]
[WhiteTeamCountry "TUR"]
[BlackTeamCountry "CRO"]

1. e4 c5 2. d4 cxd4 3. c3 dxc3 4. Nxc3 Nc6 5. Nf3 d6 6. Bc4 a6 7. 0-0 e6 8. Qe2 Be7 9. Rd1 Qc7 10. Bf4 Ne5 11. Bb3 Bd7 12. Rac1 Bc6 13. Nd5 Qb8 14. Nb6 Ra7 15. Nd4 Nf6 16. Bxe5 dxe5 17. Nxc6 bxc6 18. Rxc6 0-0 19. Qc4 h6 20. Nc8 Rb7 21. Nxe7+ Rxe7 22. Rxa6 Rc7 23. Rc6 Rb7 24. f3 Rd7 25. Rxd7 Nxd7 26. Rc7 Qb6+ 27. Kf1 Nf6 28. Qc5 Qb8 29. Qxe5 Rd8 30. Qc5 Nd7 31. Qa7 Qxa7 32. Rxa7 Nc5 33. Bc4 Rd1+ 34. Ke2 Rd4 35. Ra8+ Kh7 36. b3 Nb7 37. e5 Nc5 38. a4 Rh4 39. h3 Nd7 40. Ra5 Nb6 41. Bd3+ g6 42. Be4 Kg7 43. Rb5 Nd7 44. a5 1-0

[Event "IBCA EU-ch blind 06th"]
[Site "Lyon"]
[Date "2015.07.31"]
[Round "7"]
[White "Muri, Emil"]
[Black "Prpic, Milan"]
[Result "1-0"]
[WhiteElo "1951"]
[BlackElo "1839"]
[PlyCount "71"]
[EventDate "2015.07.25"]
[EventType "swiss"]
[EventRounds "9"]
[EventCountry "FRA"]
[SourceTitle "CBM 167 Extra"]
[Source "ChessBase"]
[SourceDate "2015.09.14"]
[SourceVersion "1"]
[SourceVersionDate "2015.09.14"]
[SourceQuality "1"]

1. e4 c5 2. Nf3 d6 3. d4 cxd4 4. Qxd4 Nc6 5. Qe3 g6 6. c4 Bg7 7. Be2 Nf6 8. h3 0-0 9. 0-0 Qc7 10. Rd1 Na5 11. Nd4 a6 12. b3 Nd7 13. Nc3 Nc6 14. Nd5 Qd8 15. Bb2 Nc5 16. Rab1 Re8 17. Nf3 Bxb2 18. Rxb2 Kg7 19. e5 Nd7 20. exd6 exd6 21. Qc3+ f6 22. Rbd2 Nc5 23. Qb2 Ne4 24. Rd3 Nc5 25. R3d2 Ne4 26. Rd3 Nc5 27. Re3 Rxe3 28. Nxe3 Qf8 29. Nd4 Bd7 30. Bf3 Ne5 31. Bd5 Re8 32. Qd2 Rd8 33. b4 Na4 34. Bxb7 Bc8 35. Bxc8 Rxc8 36. Ne6+ 1-0

[Event "IBCA EU-ch blind 06th"]
[Site "Lyon"]
[Date "2015.07.29"]
[Round "5"]
[White "Tonteri, Ari"]
[Black "Prpic, Milan"]
[Result "0-1"]
[WhiteElo "1938"]
[BlackElo "1839"]
[PlyCount "82"]
[EventDate "2015.07.25"]
[EventType "swiss"]
[EventRounds "9"]
[EventCountry "FRA"]
[SourceTitle "CBM 167 Extra"]
[Source "ChessBase"]
[SourceDate "2015.09.14"]
[SourceVersion "1"]
[SourceVersionDate "2015.09.14"]
[SourceQuality "1"]

1. e4 c5 2. Nf3 Nc6 3. d4 cxd4 4. Nxd4 d6 5. Nc3 Nf6 6. Bc4 e6 7. Be3 Be7 8. Qe2 a6 9. 0-0-0 Qc7 10. Bb3 Na5 11. g4 Nxb3+ 12. axb3 b5 13. g5 Nd7 14. f4 Bb7 15. b4 Nb6 16. f5 e5 17. Nb3 Nc4 18. Nd5 Bxd5 19. Rxd5 Rc8 20. Na1 Qc6 21. Rg1 Bd8 22. Bf2 g6 23. fxg6 fxg6 24. h4 Rf8 25. Bg3 Bb6 26. Rh1 Bd4 27. c3 Ne3 28. Nc2 Nxd5 29. exd5 Qxd5 30. Rd1 Qf3 31. Nxd4 Qxg3 32. Ne6 Rf2 33. Qe4 Rxc3+ 34. Kb1 Qf3 35. Qxf3 Rcxf3 36. Rxd6 Rb3 37. Rxa6 Rbxb2+ 38. Ka1 Rxb4 39. Ra7 Rxh4 40. Ng7+ Kd8 41. Ne6+ Kc8 0-1

[Event "IBCA Wch blind 13th"]
[Site "Katerini"]
[Date "2014.05.11"]
[Round "6"]
[White "Prpic, Milan"]
[Black "Schellmann, Frank"]
[Result "0-1"]
[WhiteElo "1886"]
[BlackElo "2085"]
[PlyCount "60"]
[EventDate "2014.05.05"]
[EventType "swiss"]
[EventRounds "9"]
[EventCountry "GRE"]
[SourceTitle "CBM 160 Extra"]
[Source "ChessBase"]
[SourceDate "2014.07.01"]
[SourceVersion "1"]
[SourceVersionDate "2014.07.01"]
[SourceQuality "1"]

1. d4 Nf6 2. c4 g6 3. Nc3 d5 4. Nf3 Bg7 5. Bf4 0-0 6. e3 c5 7. Be5 cxd4 8. Bxd4 dxc4 9. Bxc4 Nc6 10. 0-0 Nxd4 11. Nxd4 a6 12. a4 e5 13. Nde2 Bf5 14. Ng3 Qe7 15. b3 Rad8 16. Qe2 e4 17. Rac1 Qe5 18. Qc2 Rd6 19. Rfd1 Rfd8 20. Nge2 Ng4 21. g3 h5 22. Rxd6 Rxd6 23. Rd1 Bf8 24. Bd5 h4 25. Bxb7 hxg3 26. hxg3 Qh8 27. Nd4 Qh2+ 28. Kf1 Rxd4 29. Rd2 Nxe3+ 30. fxe3 Rxd2 0-1

[Event "IBCA Wch blind 13th"]
[Site "Katerini"]
[Date "2014.05.09"]
[Round "5"]
[White "Johansen, Kai Roger"]
[Black "Prpic, Milan"]
[Result "0-1"]
[WhiteElo "2015"]
[BlackElo "1886"]
[PlyCount "82"]
[EventDate "2014.05.05"]
[EventType "swiss"]
[EventRounds "9"]
[EventCountry "GRE"]
[SourceTitle "CBM 160 Extra"]
[Source "ChessBase"]
[SourceDate "2014.07.01"]
[SourceVersion "1"]
[SourceVersionDate "2014.07.01"]
[SourceQuality "1"]

1. c4 Nf6 2. Nf3 e6 3. d4 d5 4. Nc3 c6 5. e3 Bd6 6. Bd3 Nbd7 7. 0-0 0-0 8. e4 dxe4 9. Nxe4 Nxe4 10. Bxe4 Nf6 11. Bc2 h6 12. b3 b6 13. Bb2 Bb7 14. Qd3 Re8 15. Rad1 a5 16. a3 Qc7 17. d5 cxd5 18. Bxf6 gxf6 19. Qh7+ Kf8 20. Rfe1 dxc4 21. Nd4 Bxh2+ 22. Kh1 Be5 23. f4 Bxd4 24. Rxd4 Ke7 25. Rxc4 Qd6 26. Rd1 Bd5 27. Be4 Rh8 28. Rxd5 exd5 29. Qf5 dxc4 30. Bxa8 Rxa8 31. Qe4+ Qe6 32. Qb7+ Qd7 33. Qe4+ Kd6 34. Qxa8 cxb3 35. Qe4 Qe6 36. Qd4+ Kc7 37. f5 Qc6 38. Qf4+ Kb7 39. Qe3 b2 40. Qe7+ Ka6 41. Qe2+ Qb5 0-1

[Event "IBCA Wch blind 13th"]
[Site "Katerini"]
[Date "2014.05.05"]
[Round "1"]
[White "Nizam, Rasim"]
[Black "Prpic, Milan"]
[Result "1-0"]
[WhiteElo "2193"]
[BlackElo "1886"]
[PlyCount "85"]
[EventDate "2014.05.05"]
[EventType "swiss"]
[EventRounds "9"]
[EventCountry "GRE"]
[SourceTitle "CBM 160 Extra"]
[Source "ChessBase"]
[SourceDate "2014.07.01"]
[SourceVersion "1"]
[SourceVersionDate "2014.07.01"]
[SourceQuality "1"]

1. e4 c5 2. Nf3 Nc6 3. Bb5 d6 4. 0-0 Bd7 5. Re1 a6 6. Bf1 e5 7. h3 Nf6 8. c3 Qc7 9. d4 h6 10. a4 cxd4 11. cxd4 Nb4 12. Nc3 Be7 13. a5 Nc6 14. Nd5 Qd8 15. Nb6 Rb8 16. b4 0-0 17. Ba3 Re8 18. Rc1 Bf8 19. d5 Na7 20. Nd2 Bb5 21. Ndc4 Nd7 22. Bb2 Nc8 23. Nxd7 Bxd7 24. Qd2 Bb5 25. Na3 Bxf1 26. Rxf1 Be7 27. Rc2 b6 28. Nc4 Qd7 29. axb6 Nxb6 30. Na5 Bg5 31. Qd3 Qb5 32. Qb3 Rbc8 33. Nc6 Rc7 34. Ra1 Nc8 35. Ra5 Qb7 36. Qc4 Na7 37. Rxa6 Nb5 38. Ra5 Rb8 39. Qd3 Rxc6 40. dxc6 Qb6 41. Rxb5 Qxb5 42. Qxb5 Rxb5 43. c7 1-0

[Event "Gospic Licko-ch"]
[Site "Gospic"]
[Date "2013.02.25"]
[Round "4"]
[White "Prpic, Milan"]
[Black "Levar, Nenad"]
[Result "0-1"]
[WhiteElo "1933"]
[BlackElo "2124"]
[PlyCount "138"]
[EventDate "2013.02.24"]
[EventType "tourn"]
[EventRounds "7"]
[EventCountry "CRO"]
[SourceTitle "CBM 153 Extra"]
[Source "ChessBase"]
[SourceDate "2013.04.22"]
[SourceVersion "1"]
[SourceVersionDate "2013.04.22"]
[SourceQuality "1"]

1. e4 c5 2. Nf3 d6 3. d4 cxd4 4. Nxd4 Nf6 5. Nc3 a6 6. Be3 Ng4 7. Qd2 Nxe3 8. Qxe3 Qb6 9. 0-0-0 e6 10. g3 Nc6 11. h4 Be7 12. Qd2 Nxd4 13. Qxd4 Qxd4 14. Rxd4 Bd7 15. Bg2 Bc6 16. Re1 0-0 17. Bf1 Rfd8 18. Red1 Rac8 19. Kb1 g6 20. a3 Kf8 21. f3 h5 22. Be2 Rc7 23. Na2 d5 24. Nb4 e5 25. Nxc6 bxc6 26. Ra4 dxe4 27. Rxd8+ Bxd8 28. Rxe4 Ra7 29. g4 hxg4 30. fxg4 Bf6 31. h5 gxh5 32. gxh5 Bg7 33. Rc4 Rc7 34. Rc5 Ke7 35. h6 Bh8 36. Bxa6 f5 37. b4 Kd6 38. Bf1 Rf7 39. Bg2 e4 40. Kc1 Bd4 41. Ra5 Be3+ 42. Kd1 Bxh6 43. b5 Rg7 44. Bf1 Rg1 45. Ke1 f4 46. Kf2 Rh1 47. Kg2 Rh5 48. Ra6 Rg5+ 49. Kf2 Rc5 50. c4 Bg7 51. a4 Bd4+ 52. Ke1 f3 53. a5 Rh5 54. Rxc6+ Kd7 55. Ra6 Rh1 56. b6 e3 57. Ra7+ Ke6 58. Ra8 Bc3+ 59. Kd1 e2+ 60. Kc2 e1Q 61. Re8+ Kd7 62. Rxe1 Bxe1 63. b7 Kc7 64. Bd3 Bxa5 65. Be4 Rh2+ 66. Kd1 f2 67. Ke2 Bb6 68. Bd5 Rh5 69. Bg2 Re5+ 0-1

[Event "Gospic Licko-ch"]
[Site "Gospic"]
[Date "2013.02.24"]
[Round "1"]
[White "Prpic, Milan"]
[Black "Prpic, Ivan"]
[Result "1-0"]
[WhiteElo "1933"]
[BlackElo "2042"]
[PlyCount "149"]
[EventDate "2013.02.24"]
[EventType "tourn"]
[EventRounds "7"]
[EventCountry "CRO"]
[SourceTitle "CBM 153 Extra"]
[Source "ChessBase"]
[SourceDate "2013.04.22"]
[SourceVersion "1"]
[SourceVersionDate "2013.04.22"]
[SourceQuality "1"]

1. d4 Nf6 2. c4 e6 3. Nf3 c5 4. d5 exd5 5. cxd5 d6 6. Nc3 a6 7. a4 Bg4 8. h3 Bxf3 9. exf3 Be7 10. Bd3 0-0 11. 0-0 Nbd7 12. f4 Rb8 13. Re1 Re8 14. g4 Bf8 15. Be3 g6 16. Qd2 Qc7 17. b3 Bg7 18. Rac1 Qb6 19. Rb1 Qb4 20. Rec1 Qa5 21. Qc2 Rec8 22. g5 Nh5 23. Ne4 Bf8 24. Be2 Ng7 25. Ng3 b5 26. Ra1 b4 27. h4 Qb6 28. Rd1 a5 29. Rac1 Qb7 30. Bg4 Rc7 31. Bf3 Rbc8 32. Bg4 Rd8 33. Be2 Nb6 34. Qd3 Rdc8 35. Bg4 Rd8 36. f5 Nd7 37. f4 Nb6 38. f6 Ne8 39. h5 c4 40. Qd4 Rc5 41. bxc4 Nxa4 42. Qa1 Nc3 43. Re1 Rxc4 44. Qxa5 Ra8 45. Qb6 Qxb6 46. Bxb6 b3 47. Be2 Nxe2+ 48. Nxe2 Re4 49. Rb1 Ra2 50. Kf2 Rxf4+ 51. Ke3 Rf5 52. Nd4 Rxg5 53. Kf4 Rxh5 54. Rxe8 Rf2+ 55. Ke4 Rh4+ 56. Ke3 Rxf6 57. Bd8 Rh3+ 58. Ke4 Rh4+ 59. Kd3 Rh3+ 60. Kc4 Rf4 61. Be7 f6 62. Rxf8+ Kg7 63. Bxd6 Rg4 64. Rb8 Rhh4 65. Bc5 Rg2 66. d6 Rc2+ 67. Kd5 Rh5+ 68. Ke4 Rcxc5 69. Ne6+ Kf7 70. Nxc5 Rxc5 71. d7 f5+ 72. Kd4 Rc2 73. d8Q Rd2+ 74. Ke3 Rxd8 75. Rxd8 1-0

[Event "CRO-chT2 West"]
[Site "Rijeka"]
[Date "2012.03.17"]
[Round "1.25"]
[White "Prpic, Milan"]
[Black "Fele, Vladimir"]
[Result "1/2-1/2"]
[WhiteElo "1922"]
[BlackElo "1961"]
[PlyCount "25"]
[EventDate "2012.03.17"]
[EventType "team-tourn"]
[EventRounds "9"]
[EventCountry "CRO"]
[SourceTitle "EXT 2013"]
[Source "ChessBase"]
[SourceDate "2012.11.22"]
[SourceVersion "1"]
[SourceVersionDate "2012.11.22"]
[SourceQuality "1"]

1. d4 d5 2. c4 c6 3. cxd5 cxd5 4. Nc3 Nf6 5. Nf3 Nc6 6. Bg5 e6 7. e4 dxe4 8. Nxe4 Bb4+ 9. Ned2 Be7 10. Bb5 0-0 11. 0-0 Nxd4 12. Nxd4 Qxd4 13. Qa4 1/2-1/2

[Event "CRO-chT2 West"]
[Site "Croatia"]
[Date "2011.04.10"]
[Round "6.42"]
[White "Prpic, Milan"]
[Black "Bulic, Josip"]
[Result "0-1"]
[WhiteElo "1936"]
[BlackElo "2210"]
[PlyCount "98"]
[EventDate "2011.03.12"]
[EventType "team-tourn"]
[EventRounds "9"]
[EventCountry "CRO"]
[SourceTitle "EXT 2014"]
[Source "ChessBase"]
[SourceDate "2013.11.20"]
[SourceVersion "1"]
[SourceVersionDate "2013.11.20"]
[SourceQuality "1"]

1. d4 d5 2. c4 e6 3. Nc3 Nf6 4. Bg5 Be7 5. Bxf6 Bxf6 6. e3 0-0 7. Nf3 a6 8. Bd3 dxc4 9. Bxc4 c5 10. Ne4 b5 11. Be2 c4 12. 0-0 Nd7 13. Nd6 Nb6 14. Nxc8 Rxc8 15. Rc1 Nd5 16. Qd2 Qc7 17. g3 Rfd8 18. Rfd1 Be7 19. a3 Qb7 20. Qc2 a5 21. e4 Nf6 22. e5 Nd5 23. Qe4 Qb6 24. Rc2 c3 25. Bd3 g6 26. Qe1 cxb2 27. Rxb2 b4 28. axb4 Bxb4 29. Qf1 Nc3 30. Ra1 Qc6 31. Qg2 Nb5 32. Rc2 Nc3 33. h4 Qd5 34. Rb2 Ne4 35. Rba2 Bc3 36. Bxe4 Qxe4 37. Rd1 Qd5 38. Rc2 Bb4 39. Rdc1 Rxc2 40. Rxc2 a4 41. Ng5 Qxd4 42. Rc7 Qxe5 43. Qb7 Rd1+ 44. Kh2 Qd5 45. Qxd5 exd5 46. Nxf7 a3 47. Ra7 Rd2 48. Nh6+ Kf8 49. Ra4 a2 0-1